1347 1782 1839 1977 1735 1657 1248 1538 1655 1397 1276 1246 1183 1121 1482 1663 1396 1173 1160 1843 1763 1793 1593 1841 1490 1253 1674 1783 1684 1147 1930 1996 1254 1560 1318 1309 1902 1092 1433 1743 1171 1689 1496 1702 1377 1345 1659 1632 1509 1328 1595 1908 1740 1992 1933 1096 1731 1950 1258 1407 1501 1941 1092 1074 1765 1428 1039 1856 1336 1952 1581 1373 1834 1538 1975 1726 1697 1636 1239 1391 1111 1363 1155 1930 1065 1760 1930 1958 1456 1855 1440 1906 1248 1927 1251 1492 1136 1514 1073 BCNSPRNW ULIB Ver.6.0+V

เปลี่ยนเป็นภาษาไทย

Change to English
 แสดงรายละเอียดบรรณานุกรม
  กลับหน้าหลัก

Brief Record : Get Marc (ISO 2709) : E-mail record : QR code < ปิดหน้าต่าง
LEADER : 00000nam 2200000uu 4500
001    13399127650
003     ULIB
008    210311s2562||||th 000 0 tha d
020 ^  ^a9786160035540
050 ^  ^aนว^bส866จ
100 0  ^aสุริยาทิศ
245 1  ^aจูบนั้นตลอดกาล /^cสุริยาทิศ
250 ^  ^aพิมพ์ครั้งที่ 1.
260 ^  ^aกรุงเทพฯ :^bพิมพ์คำ,^c2562.
300 ^  ^a436 หน้า ;^c21 ซม.
490 0  ^aจุมพิตรัตติกาล
945    ^p300^l0^i007999
999    ^aประนอม เกษจรัล
รายการนี้ยังไม่มีแท็ก
คุณยังไม่ได้ล็อกอิน คุณสามารถมีกิจกรรมร่วมกับเว็บไซต์ได้ แต่ต้องล็อกอินก่อน ::
  ล็อกอิน

รายการสื่อสารสนเทศ

ลำดับที่ ประเภท เลขเรียก/บาร์โค้ด สถานที่ สถานะ
1. นวนิยาย
นวนิยาย
นว ส866จ ฉ.1 
  Barcode: 007999
ห้องสมุดวิทยาเขตสวรรค์ประชารักษ์
►หนังสือทั่วไป
บนชั้น

รายการใกล้เคียง
    ผู้แต่ง [สุริยาทิศ]

BibComment


ยังไม่เคยถูกคอมเมนท์

คอมเมนท์ทรัพยากรรายการนี้
  คอมเมนท์: จูบนั้นตลอดกาล ..


 Copyright 2026. Bcnsprnw @Library